Další automobilová revoluce přichází

Doba autonómnych vozidiel sa neodkladne blíži. Množstvo firiem už autonómne vozidlá testuje a hovorí o ďalšej automobilovej revolúcii. Definícia autonómneho vozidla. Minimálny zásah človeka do riadenia. Vývojári autonómnej technológie. Štyri základné piliere pre dosiahnutie autonómneho fungovania vo...

Ausführliche Beschreibung

Gespeichert in:
Bibliographische Detailangaben
1. Verfasser: Roubík, Hynek
Format: Buchkapitel
Sprache:Tschechisch
Schlagworte:
Tags: Tag hinzufügen
Keine Tags, Fügen Sie das erste Tag hinzu!

MARC

LEADER 00000naa a2200000 4500
001 0198897
005 20231211081048.5
041 0 |a cze 
044 |a CZ 
245 1 0 |a Další automobilová revoluce přichází  |c Hynek Roubík 
520 |a Doba autonómnych vozidiel sa neodkladne blíži. Množstvo firiem už autonómne vozidlá testuje a hovorí o ďalšej automobilovej revolúcii. Definícia autonómneho vozidla. Minimálny zásah človeka do riadenia. Vývojári autonómnej technológie. Štyri základné piliere pre dosiahnutie autonómneho fungovania vozidla. Otázka etiky a hackerských útokov. 
610 2 0 |a automobily osobné 
610 2 0 |a automobily nákladné 
610 2 0 |a automatizácia 
610 2 0 |a robotizácia 
610 2 0 |a priemysel automobilový 
610 2 0 |a firmy 
100 1 |a Roubík, Hynek